000 00485nam a2200133 a 4500
008 120416s1969 ||||||||||||||||| || u
050 _aTK 7872.F5 Hay
100 _aHaykin, Simon S
245 1 0 _aSynthesis of RC active filter networks
260 _aLondon
_bMcGraw-Hill
_c1969
300 _a(viii) 168p. : ill
350 _a0.00
995 _D0.00
_FCBU-MAIN LIBRARY (Kitwe)
_H1
_I3.85
_UAVAILABLE
_ZAnnex Low-Usage Collection
999 _c59297
_d59297